Prueba del País Vasco - Estadísticas

Estadísticas generales
  • Esta prueba ha sido intentada 3.789 veces
  • La puntuación promedio es 10 de 16
Estadísticas de respuestas
Pregunta Respuesta % Correcto
La ciudad más poblada Bilbao
99%
Idioma regional que se habla Euskera
98%
Nombre de la comunidad en ese idioma Euskadi
90%
Nombre español de la ciudad oficialmente conocida Donostia San Sebastián
90%
Una de las otras dos provincias Álava / Guipúzcoa
86%
Capital de facto Vitoria
86%
Mar que limita con la comunidad al norte Cantábrico
84%
Golfo que comparte su nombre con una de las provincias vascas Golfo de {Vizcaya}
84%
Tipo de comida similar a tapas que incluye una rebanada de pan con un poco de comida Pincho
78%
Museo de arte contemporáneo en la ciudad más poblada Museo Guggenheim
77%
Los jugadores del Athletic Club se llaman leones por este santo quien amansó leones San Mamés
42%
Nombre del metro y transporte público que sirve el País Vasco Euskotren
36%
Santo jesuita de la Contrarreforma Ignacio de Loyola
30%
Deporte de origen vasco que apareció en los Juegos Olímpicos como deporte de exhibición Cesta punta
19%
Este alcalde había sido nombrado mejor alcalde del mundo Iñaki Azkuna
13%
Hay una leyenda que dice que esta figura religiosa y cultural no podía aprender casi nada del idioma regional después de 7 años Diablo
4%
No se encontraron pruebas coincidentes
Distribución de puntuación
Porcentaje de gente con cada puntuación
Porcentaje por número respondido
Historial de tus puntuaciones
No has intentado esta prueba.